Ekonomika a řízení obchodního podniku pro vysoké školy studijní obor ekonomika vnitřního obchodu

Na minha lista:
Detalhes bibliográficos
Autor principal: Doležal, Václav
Formato: Livro
Idioma:tcheco
Publicado em: Praha Stát. ped. nakl. 1984
Colecção:Učebnice pro vysoké školy
Tags: Adicionar Tag
Sem tags, seja o primeiro a adicionar uma tag!

MARC

LEADER 00000nam a2200000 4500
001 c111763
005 20041019155150.7
041 0 |a cze 
044 |a CZ 
245 1 0 |a Ekonomika a řízení obchodního podniku  |b pro vysoké školy studijní obor ekonomika vnitřního obchodu  |c Václav Doležal a kol. 
264 1 |a Praha  |b Stát. ped. nakl.  |c 1984 
300 |a 253 s. 
490 1 |a Učebnice pro vysoké školy 
830 0 |a Učebnice pro vysoké školy 
100 1 |a Doležal, Václav